[Event "Norway Chess Blitz"]
[Site "chess24.com"]
[Date "2016.04.18"]
[Round "2"]
[White "Vachier-Lagrave, Maxime"]
[Black "Grandelius, Nils"]
[Result "1-0"]
[Board "2"]
[WhiteElo "2872"]
[WhiteTitle "GM"]
[WhiteCountry "FRA"]
[WhiteFideId "623539"]
[WhiteEloChange "2"]
[BlackElo "2604"]
[BlackTitle "GM"]
[BlackCountry "SWE"]
[BlackFideId "1710400"]
[BlackEloChange "-2"]

1. e4 {[%clk 0:03:02]} c5 {[%clk 0:03:03]} 2. Nf3 {[%clk 0:03:03]} Nf6 {[%clk
0:03:04]} 3. Nc3 {[%clk 0:03:00]} d5 {[%clk 0:03:05]} 4. exd5 {[%clk 0:03:00]}
Nxd5 {[%clk 0:03:06]} 5. Bc4 {[%clk 0:02:57]} Nb6 {[%clk 0:02:51]} 6. Bb5+ {[%clk
0:02:53]} Bd7 {[%clk 0:02:51]} 7. a4 {[%clk 0:02:54]} e6 {[%clk 0:02:48]} 8. O-O
{[%clk 0:02:53]} Be7 {[%clk 0:02:48]} 9. d3 {[%clk 0:02:46]} O-O {[%clk 0:02:45]}
10. Re1 {[%clk 0:02:45]} a6 {[%clk 0:02:33]} 11. Bxd7 {[%clk 0:02:45]} N6xd7
{[%clk 0:02:33]} 12. Ne4 {[%clk 0:02:28]} Nc6 {[%clk 0:02:33]} 13. c3 {[%clk
0:02:28]} Rc8 {[%clk 0:02:13]} 14. Bf4 {[%clk 0:02:18]} Nf6 {[%clk 0:02:09]} 15.
Qc2 {[%clk 0:02:09]} Nd5 {[%clk 0:02:09]} 16. Bd2 {[%clk 0:02:05]} Qd7 {[%clk
0:01:55]} 17. a5 {[%clk 0:01:57]} Rfd8 {[%clk 0:01:53]} 18. Qa4 {[%clk 0:01:52]}
Nf6 {[%clk 0:01:27]} 19. Be3 {[%clk 0:01:42]} Qxd3 {[%clk 0:01:05]} 20. Nxc5
{[%clk 0:01:36]} Bxc5 {[%clk 0:00:36]} 21. Bxc5 {[%clk 0:01:37]} Rd5 {[%clk
0:00:34]} 22. Bb6 {[%clk 0:01:33]} Qf5 {[%clk 0:00:23]} 23. Rad1 {[%clk 0:01:29]}
h6 {[%clk 0:00:25]} 24. h3 {[%clk 0:01:29]} Rxd1 {[%clk 0:00:19]} 25. Rxd1 {[%clk
0:01:28]} Nd5 {[%clk 0:00:20]} 26. Nd4 {[%clk 0:01:20]} Nxd4 {[%clk 0:04:05]} 27.
Bxd4 {[%clk 0:01:20]} e5 {[%clk 0:00:12]} 28. Bb6 {[%clk 0:01:01]} Nxb6 {[%clk
0:00:14]} 29. axb6 {[%clk 0:01:01]} Qe6 {[%clk 0:00:11]} 30. Qd7 {[%clk 0:01:01]}
Rc6 {[%clk 0:00:11]} 31. Qxb7 {[%clk 0:00:49]} Rxb6 {[%clk 0:00:14]} 32. Rd8+
{[%clk 0:00:49]} Kh7 {[%clk 0:00:14]} 33. Qe4+ {[%clk 0:00:49]} f5 {[%clk
0:00:16]} 34. Qc2 {[%clk 0:00:44]} e4 {[%clk 0:00:18]} 35. c4 {[%clk 0:00:42]}
Rd6 {[%clk 0:00:13]} 36. Rxd6 {[%clk 0:00:42]} Qxd6 {[%clk 0:00:13]} 37. c5
{[%clk 0:00:43]} Qc6 {[%clk 0:00:16]} 38. b4 {[%clk 0:00:41]} Kg6 {[%clk
0:00:17]} 39. Qc3 {[%clk 0:00:41]} Kf7 {[%clk 0:00:16]} 40. Qe5 {[%clk 0:00:35]}
g6 {[%clk 0:00:15]} 41. Kh2 {[%clk 0:00:30]} h5 {[%clk 0:00:16]} 42. h4 {[%clk
0:00:30]} Qb7 {[%clk 0:00:07]} 43. Qd6 {[%clk 0:00:13]} e3 {[%clk 0:00:07]} 44.
fxe3 {[%clk 0:00:12]} Qxb4 {[%clk 0:00:09]} 45. Qd7+ {[%clk 0:00:12]} Kg8 {[%clk
0:00:09]} 46. Qd8+ {[%clk 0:00:13]} Kf7 {[%clk 0:00:09]} 47. c6 {[%clk 0:00:14]}
Qc5 {[%clk 0:00:08]} 48. Qc7+ {[%clk 0:00:09]} Kf6 {[%clk 0:00:08]} 49. Qd8+
{[%clk 0:00:10]} Kf7 {[%clk 0:00:09]} 50. Qd7+ {[%clk 0:00:11]} Kf6 {[%clk
0:00:10]} 51. c7 {[%clk 0:00:09]} Qe5+ {[%clk 0:00:11]} 52. g3 {[%clk 0:00:09]}
Qb2+ {[%clk 0:00:12]} 53. Kh3 {[%clk 0:00:10]} Qe2 {[%clk 0:00:13]} 54. Qd6+
{[%clk 0:00:10]} Kf7 {[%clk 0:00:15]} 55. Qd5+ {[%clk 0:00:11]} Kf6 {[%clk
0:00:15]} 56. c8Q {[%clk 0:00:12]} 1-0

[Event "Norway Chess Blitz"]
[Site "chess24.com"]
[Date "2016.04.18"]
[Round "6"]
[White "Li, Chao"]
[Black "Harikrishna, P."]
[Result "0-1"]
[Board "4"]
[WhiteElo "2633"]
[WhiteTitle "GM"]
[WhiteCountry "CHN"]
[WhiteFideId "8604436"]
[WhiteEloChange "-3"]
[BlackElo "2774"]
[BlackTitle "GM"]
[BlackCountry "IND"]
[BlackFideId "5007003"]
[BlackEloChange "3"]

1. c4 {[%clk 0:03:01]} Nf6 {[%clk 0:03:03]} 2. Nc3 {[%clk 0:03:01]} e6 {[%clk
0:03:03]} 3. Nf3 {[%clk 0:02:50]} d5 {[%clk 0:02:59]} 4. d4 {[%clk 0:02:51]} c5
{[%clk 0:02:54]} 5. cxd5 {[%clk 0:02:47]} Nxd5 {[%clk 0:02:54]} 6. e4 {[%clk
0:02:47]} Nxc3 {[%clk 0:02:54]} 7. bxc3 {[%clk 0:02:48]} cxd4 {[%clk 0:02:55]} 8.
cxd4 {[%clk 0:02:49]} Bb4+ {[%clk 0:02:56]} 9. Bd2 {[%clk 0:02:49]} Bxd2+ {[%clk
0:02:57]} 10. Qxd2 {[%clk 0:02:50]} O-O {[%clk 0:02:57]} 11. Bc4 {[%clk 0:02:48]}
Nd7 {[%clk 0:02:53]} 12. O-O {[%clk 0:02:48]} b6 {[%clk 0:02:52]} 13. Rad1 {[%clk
0:02:17]} Bb7 {[%clk 0:02:50]} 14. Rfe1 {[%clk 0:02:17]} Rc8 {[%clk 0:02:49]} 15.
Bb3 {[%clk 0:02:18]} Nf6 {[%clk 0:02:20]} 16. d5 {[%clk 0:02:15]} exd5 {[%clk
0:02:03]} 17. exd5 {[%clk 0:02:15]} Rc5 {[%clk 0:02:00]} 18. Re5 {[%clk 0:02:09]}
Qd6 {[%clk 0:01:55]} 19. h3 {[%clk 0:02:02]} h6 {[%clk 0:01:54]} 20. Qf4 {[%clk
0:01:46]} Nd7 {[%clk 0:01:40]} 21. Re4 {[%clk 0:01:43]} Qxf4 {[%clk 0:01:40]} 22.
Rxf4 {[%clk 0:01:44]} Nf6 {[%clk 0:01:35]} 23. d6 {[%clk 0:01:42]} Rd8 {[%clk
0:01:35]} 24. Nh4 {[%clk 0:01:20]} Be4 {[%clk 0:01:03]} 25. Re1 {[%clk 0:01:00]}
Bc2 {[%clk 0:00:38]} 26. Bxc2 {[%clk 0:00:41]} Rxc2 {[%clk 0:00:39]} 27. Nf5
{[%clk 0:00:42]} Rxa2 {[%clk 0:00:29]} 28. Nxh6+ {[%clk 0:00:39]} gxh6 {[%clk
0:00:29]} 29. Rxf6 {[%clk 0:00:39]} Kg7 {[%clk 0:00:31]} 30. Rf4 {[%clk 0:00:36]}
Rxd6 {[%clk 0:00:32]} 31. Re7 {[%clk 0:00:37]} Rf6 {[%clk 0:00:31]} 32. Rg4+
{[%clk 0:00:31]} Kf8 {[%clk 0:00:30]} 33. Rc7 {[%clk 0:00:31]} Rfxf2 {[%clk
0:00:22]} 34. Rc6 {[%clk 0:00:28]} h5 {[%clk 0:00:16]} 35. Rg5 {[%clk 0:00:29]}
b5 {[%clk 0:00:10]} 36. Rc8+ {[%clk 0:00:14]} Ke7 {[%clk 0:00:11]} 37. Rc7+
{[%clk 0:00:15]} Kf6 {[%clk 0:00:11]} 38. Rg3 {[%clk 0:00:08]} b4 {[%clk
0:00:08]} 39. Rc6+ {[%clk 0:00:08]} Ke5 {[%clk 0:00:08]} 40. Rc5+ {[%clk
0:00:09]} Kd4 {[%clk 0:00:09]} 41. Rxh5 {[%clk 0:00:09]} a5 {[%clk 0:00:08]} 42.
Rg4+ {[%clk 0:00:08]} Kc3 {[%clk 0:00:06]} 43. Rg3+ {[%clk 0:00:08]} Kc4 {[%clk
0:00:06]} 44. Rg4+ {[%clk 0:00:08]} Kb3 {[%clk 0:00:06]} 45. Rg3+ {[%clk
0:00:03]} Ka4 {[%clk 0:00:08]} 46. Rgg5 {[%clk 0:00:03]} f5 {[%clk 0:00:08]} 47.
Rxf5 {[%clk 0:00:04]} Rxg2+ {[%clk 0:00:08]} 48. Kf1 {[%clk 0:00:05]} Rgc2 {[%clk
0:00:07]} 49. Rxa5+ {[%clk 0:00:06]} Kb3 {[%clk 0:00:08]} 50. Rxa2 {[%clk
0:00:06]} Kxa2 {[%clk 0:00:09]} 51. Ra5+ {[%clk 0:00:06]} Kb2 {[%clk 0:00:08]}
52. h4 {[%clk 0:00:07]} b3 {[%clk 0:00:07]} 53. h5 {[%clk 0:00:07]} Kc1 {[%clk
0:00:06]} 54. h6 {[%clk 0:00:03]} Rc7 {[%clk 0:00:03]} 55. Ke2 {[%clk 0:00:03]}
b2 {[%clk 0:00:04]} 56. Rb5 {[%clk 0:00:04]} b1Q {[%clk 0:00:05]} 0-1